| 000 | 00975nam a22002297a 4500 | ||
|---|---|---|---|
| 003 | OSt | ||
| 005 | 20210228161804.0 | ||
| 008 | 210228s2012 ck a|||grt||| 001 0 spa d | ||
| 020 | _a9789589897478 | ||
| 040 |
_aCO-JMCR _cCO-JMCR |
||
| 041 | 0 | _aspa | |
| 082 | 0 | 4 |
_a339.3209861 / _bC718i _223 |
| 110 | 1 |
_aColombia. _bContaduría General de la Nación _911313 |
|
| 245 | 1 | 0 |
_aInforme consolidado : _bcontrol interno contable, 2011 / _cContaduría General de la Nación |
| 260 |
_aBogotá : _bContaduría General de la Nación, _c2012 |
||
| 300 |
_a155 páginas : _bilustraciones ; _c24 cm. |
||
| 500 | _a"Entidades del sector público colombiano, Subcontaduría de Consolidación de la Información" --Portada | ||
| 500 | _aIncluye índice de tablas y gráficas | ||
| 505 | 0 | _aMetodología -- Resultados 2011 -- Etapas del proceso contable y otros elementos de control -- Anexos | |
| 650 | 1 | 4 |
_aHacienda pública _xContabilidad _zColombia _vInformes _914065 |
| 942 |
_2ddc _cBK |
||
| 999 |
_c7365 _d7365 |
||